00731nam a22001937a 450000500170000001000150001702000260003203500140005803700090007208200080008110000280008924500980011726000400021527000690025530000220032494200220034699900190036895201500038720250113165733.0 aENG-143338 a9789354267949c999.00 aEN-126870 bDBAD a537 aKhandare, Sanjay976504 aElectricity Distribution Project and Practices:cBy Sanjay KhandarebSap: ERP Project System/ aNashikbRewat Sanjay Khandarec2017 aE-5, Hariniketan, New Kala Nagar, Jail Road, Nashik RoadbNashik a544p.c22cm. (pb) 2ddccENh537mKHA c208450d208450 001040708NFICaLbLd2025-01-13eDelivery of Books Act Divisiong999.00l0o537 KHApEN-126870r2025-01-13 00:00:00t1v999.00w2025-01-13yEN